000 00730nam a2200289Ia 4500
005 20260324112949.0
008 008 260324s9999 xx 000 0 eng d
020 _a9781003484066
037 _aEBOOK
040 _aCRL
040 _beng
040 _cCRL
041 _2eng
041 _aeng
084 _qCRL
100 _aBunmi Isaiah Omodan
_91144862
245 0 _aResearch Paradigms and Their Methodological Alignment in Social Sciences
245 2 _bA Practical Guide for Researchers
260 _bTaylor and Francis
260 _c2024
365 _a
365 _b230
856 _uhttp://www.taylorfrancis.com/books/9781003484066
942 _cEBOOK
999 _c1734266
_d1734266